000 00567nam a2200205Ia 4500
003 GCL
008 140319s9999 xx 000 0 eng d
040 _aGCL /
_cGCL
082 0 4 _a892.76
_bK A
100 1 _aKANAFNI,CHASSAN
245 1 0 _aALL THAT S LEFT TO YOU: ANOWVELLA AND OTHER STORIES /
_cKANAFNI,CHASSAN
700 1 _aJAYYSI, MAY
260 _a[S.N] :
_bTHE AMERICAN UNIVERSITY IN CAIRO PRESS ،
_c1992
300 _a128 P
650 0 4 _aLITERATURE
650 0 4 _aPALESTINAN ARABS
650 0 4 _aARABIC LITERATURE
650 0 4 _aFICTION
942 _2ddc
_cBK
999 _c12506
_d12506